LEADER 01428nam a2200313 u 4500 001 000000026796 003 CaOOAMICUS 005 20070226111621.0 008 951117s1929 gw u000 u lat u 035 $a10693380 040 $aPUL(R)$bita 100 0 $aAegidius romanus,$carciv. di Bourges,$dc. 1243-1316.$0(OLS)http://pul/name/3001 240 10$aDe ecclesiastica potestate$9(Aegidius romanus, arciv. di Bourges, c. 1243-1316).$0(OLS)http://pul/title/4126 245 10$aDe ecclesiastica potestate /$chrsg. von Richards Scholz. 250 $a[S.l.] :$bVerlag Herm. Böhlaus Nachf. ; 260 $a[S.l.] :$bScientia Aalen,$c1961. 300 $axiv, 215 p. ;$c25 cm 500 $aIInclude indici. 504 $aBibliografia in nota 650 4$aPapi$xPrimato.$0(OLS)http://pul/subject/201 700 1 $aScholz, Richard.$0(OLS)http://pul/name/21976 850 $aPUL 852 $aPUL$W1$xDP1 Fondo Maccarrone$y58$m1507 E 18$j37398$nBK-PRI$b $qFondi$B37398$CPULBib$Z2$F37398 $H $81 852 $aPUL$W1$xDP1 Fondo Ciprotti$y59$m1542 D 10$j37399$nBK-PRI$b $qFondi$B37399$CPULBib$Z2$F37399 $H $81 941 1 $a1 961 $aINV: 02128 -- Fondo Mons. M. Maccarrone 961 $aINV: Fondo Ciprotti 996 $6245$aDe ecclesiastica potestate$9(OLS)http://pul/title/4127 996 $6260$a[S.l.] :$bScientia Aalen$9(OLS)http://pul/publisher/59476 LEADER 01906nam a2200373 a 4500 001 000000123725 003 CaOOAMICUS 005 20101117103451.0 008 101117t2010 it u000 u ita r 020 $a978-88-452-6616-4 040 $aPUL$bita 041 1 $aita$alat$hlat 100 1 $aPico della Mirandola, Giovanni,$d1463-1494.$0(OLS)http://pul/name/19050 240 10$aDe ente et uno.$lItaliano.$0(OLS)http://pul/title/155941 245 10$aDell'ente e dell'uno :$bcon le obiezioni di Antonio Cittadini e le risposte di Giovanni Pico della Mirandola /$cGiovanni Pico della Mirandola ; prefazione di Marco Bertozzi ; saggio introduttivo, traduzione, note e apparati di Raphael Ebgi ; edizione critica del testo latino di Franco Bacchelli e Raphael Ebgi ; postfazione di Massimo Cacciari. 260 $aMilano :$bBompiani,$c©2010. 300 $a498 p. ;$c21 cm. 490 1 $aBompiani testi a fronte ;$v133 500 $aInclude indice. 504 $aBibliografia p. [475]-483. 546 $aTesto latino a fronte. 700 1 $aBertozzi, Marco.$0(OLS)http://pul/name/77982 700 1 $aEbgi, Raphael.$0(OLS)http://pul/name/77983 700 1 $aBacchelli, Franco.$0(OLS)http://pul/name/77984 700 1 $aCacciari, Massimo,$d1944-$0(OLS)http://pul/name/31076 830 0$aBompiani testi a fronte ;$v133.$0(OLS)http://pul/title/87343 850 $aPUL 852 $aPUL$W1$xSL Filosofia 2$y80$mPhil A2 2.133$j142505$qStampati Altre Collocazioni$B141465$CPULBib$Z2$F141465 $H115156 $82 941 1 $a10 983 0$aTesti a fronte (Bompiani) 996 $6020$a978-88-452-6616-4$9(OLS)http://pul/number/145906 996 $6245$aDell'ente e dell'uno :$bcon le obiezioni di Antonio Cittadini e le risposte di Giovanni Pico della Mirandola$9(OLS)http://pul/title/155942 996 $6260$aMilano :$bBompiani$9(OLS)http://pul/publisher/48240